000
00301nam a2200121Ia 4500
008
190216s9999||||xx |||||||||||||| ||und||
100
_a
Gurtu Jn &amit Gurtu
245
0
_a
Chemical Kinetics
260
_b
Pragathi Prakashan
_c
1979
300
_a
147p
650
_a
Chemistry-Chemistry
942
_c
BK
999
_c
2231
_d
2231